000 00338 a2200109 4500
001 ART_42675
005 20260410161953.0
008 260409a
245 1 0 _aLas tercerías en las ejecuciones prendarias
100 1 _aChiappini, Julio O.
773 0 _tTemas de derecho comercial
_g- Año 3, Nº 7 (jul. 2017)
_wREV28151
999 _c30542
_d30542